00406nam a2200157Ia 45000010006000000050017000060080041000230410008000640820015000721000033000872450075001202600009001953000028002046500008002326540008002402092720260306172841.0260306t2018||||xx |||||||||||||| ||spa|| aESP a343.8bY13 aYacolca Estares, DanieleAUT 0aDerecho procesal tributario, planificación fiscal y penal tributario c2018 a798 páginas :c25 cm. aGEN aCCO